• 首页
  • 本馆介绍
  • 公告通知
  • 最新文献
  • 馆藏检索
  • 电子资源
  • 读者导购
  • 参考咨询
  • 我的图书馆
  • 登录
  • 详细信息显示
  • 放入我的书架
  • 预约/预借图书
  • 作者相关作品
  • 分类相关作品
  • 丛书相关作品
  • 出版社相关作品

书目信息

  • 表格格式
  • 工作单格式
  • 卡片格式
题名:
税收管理学
    
 
作者: 张艳纯 编著
分册:  
出版信息: 大连   东北财经大学出版社  2003
页数: 522页
开本: 20cm
丛书名:
单 册:
中图分类: F810.42
科图分类: 29.72
主题词: 税收管理--概论
电子资源:
ISBN: 7-81053-594-3
000 00609nam0 2200217 45
001 0198000698
005 20070721091745.59
010    @a7-81053-594-3@dCNY21.00
100    @a19971219e2003 em y0chiy0121 ea
101 0  @achi
102    @aCN@b210000
105    @ay z 000yy
200 10 @a税收管理学@Ashui shou guan li xue@f张艳纯编著@Fzhang yan chun bian zhu
210    @a大连@c东北财经大学出版社@d2003
215    @a522页@d20cm
606    @a税收管理@x概论
690    @aF810.42@v3
692    @a29.72@v2
701  0 @a张艳纯@Azhang yan chun@4编著
801  0 @aCN@bTSSF@c20070721
905    @a10447@dF810.42@e47
    
    税收管理学/张艳纯编著.-大连:东北财经大学出版社,2003
    522页;20cm
    
    
    ISBN 7-81053-594-3:CNY21.00
    
●
相关链接 在E读中查询图书 在五车中查询图书 在当当中查询图书 在豆瓣中查询图书


正题名:税收管理学     索取号:F810.42/47         预约/预借

序号 登录号 条形码 馆藏地/架位号 状态 备注
1 0768276   207682765   第一样本阅览室/ [索取号:F810.42/47] 在馆    
唐山师范学院图书馆 欢迎您!
大连网信软件有限公司© 版权所有